| 000 | 00660nam a2200205Ia 4500 | ||
|---|---|---|---|
| 003 | GCL | ||
| 008 | 140319s9999 xx 000 0 ara d | ||
| 020 | _a98341024 | ||
| 040 |
_aGCL / _cGCL |
||
| 082 | 0 | 4 |
_aد _b050 _bم م |
| 245 | 1 | 0 | _aالمستقبل العربى (اغسطس 2006 العدد 330) |
| 260 |
_aبيروت : _bمركز دراسات الوحدة العربية ، _c2006 |
||
| 650 | 0 | 4 | _aالحرب اللبنانية |
| 650 | 0 | 4 | _aالمنظمات السياسية |
| 650 | 0 | 4 | _aالحوار |
| 650 | 0 | 4 | _aمصر - الاحوال السياسية |
| 650 | 0 | 4 | _aاحتلال العراق |
| 650 | 0 | 4 | _aمنظمة حماس |
| 942 |
_2ddc _cCR |
||
| 999 |
_c8803 _d8803 |
||